000
00339nam a2200145Ia 4500
008
150301s2015 xx 000 0 und d
082
_a
615.19
_b
A11V
100
_a
VYAS, S.P
245
_a
ADVANCES IN PHARMACEUTICAL BIOTECHNOLOGY
250
_a
1ST
260
_b
CBS- DELHI
300
_a
802
650
_a
PHARMACEUTICS
942
_2
ddc
_c
BK
999
_c
7359
_d
7359